000 01136nam a2200289 i 4500
001 12028
003 KOSZ 005
005 20240405063011.0
008 080917s1962 pl a g 001 0 pol
015 _aPB 1962/8300
040 _aWA N
_cKOSZ 005/RW
_dKOSZ 005/RW
080 _a333.1(438):329(438)
100 1 _aGóra, Władysław
_d(1918-2009)
_eAutor
245 1 0 _aPPR w walce o podział ziemi obszarniczej /
_cWładysław Góra ; Zakład Historii Partii przy KC PZPR.
246 3 _aPolska Partia Robotnicza w walce o podział ziemi obszarniczej.
260 _aWarszawa :
_bKsiążka i Wiedza,
_c1962.
300 _a361, [2] s. :
_berr. ;
_c25 cm.
380 _aKsiążki.
504 _aBibliogr. s. 333-[346]. Indeks.
610 2 4 _aPolska Partia Robotnicza (1942-1948)
650 4 _aReforma rolna
_zPolska
_y1944-1956 r.
648 4 _a1901-2000
648 4 _a1945-1989
710 2 _aSpółdzielnia Wydawniczo-Handlowa "Książka i Wiedza"
_4pbl.
856 _uhttp://koha.tu.koszalin.pl/cgi-bin/koha/opac-detail.pl?biblionumber=12028
_yKatalog online BPK
942 _2UKD
_cKS
999 _c12028
_d12028